000
00256nam a2200097Ia 4500
001
720582
005
20250826163236.0
008
250824s9999 xx 000 0 und d
245
0
_a
ÖZGÜRLÜĞÜN ÖTEKİ ADI HANDUT
_c
ZAHİDE AY
260
_b
ÇİZGİ YAYINLARI
999
_c
720582
_d
720582